000 00377nam a2200133Ia 4500
008 151001s9999||||xx |||||||||||||| ||und||
100 _aदुर्गा - भागवत
245 _aतामिळनाडच्या लोककथा
250 _a1
260 _bचित्रशाळा प्रकाशन
260 _c1959
300 _a39
365 _b8
999 _c951943
_d951940